000
00210 a2200097 4500
001
52562
100
_a
Jakes John
245
_a
North and South
260
_a
London
_b
Fontana/Collins
_c
090
_c
33049
_d
33049
942
_a
NUST-CAE
_c
M
_c
25613
999
_c
287635
_d
287635